006500000a220009700045001000020000002450042000203000055000625000075001175200315001927730045005071 aJunca, Humberto10aPuro reciclaje : Un balance del año aVol.0, núm.15 (Diciembre, 2006), Páginas 16-17 aArtista plastico y profesor de las Universidades de los Andes y Tadeo. aDos muestras que se exhiben actualmente en el MAMBO y en la Galería Santa Fe sirven para preguntarse por los nuevos valores del arte joven. Si al principio del año el Premio Botero causó polémica, este final de 2006 se cierra con una pregunta: ¿Hay una exaltación de lo joven en el arte colombiano?0 tArcadia / Andrés Felipe Solano, Editor